Gesammelte werke / (Record no. 87112)

MARC details
000 -LEADER
campo de control de longitud fija 00714nam a2200205 i 4500
001 - NÚMERO DE CONTROL
campo de control 87112
003 - IDENTIFICADOR DE NÚMERO DE CONTROL
campo de control ES-MaACL
005 - FECHA Y HORA DE LA ÚLTIMA TRANSACCIÓN
campo de control 20251204063026.0
007 - CAMPO FIJO DE DESCRIPCIÓN FÍSICA--INFORMACIÓN GENERAL
campo de control de longitud fija t|
008 - DATOS DE LONGITUD FIJA--INFORMACIÓN GENERAL
campo de control de longitud fija 041220s1912 ddr ||||1| ger d
100 1# - ENTRADA PRINCIPAL--NOMBRE DE PERSONA
Nombre de persona Koch, Robert,
Fechas asociadas al nombre 1843-1910
9 (RLIN) 68407
245 10 - MENCIÓN DEL TÍTULO
Título Gesammelte werke /
Mención de responsabilidad, etc. von Robert Koch ; unter mitwirkung von G. Gaffy und E. Pfuhl ; herausgegeben von J. Schwalbe.
260 ## - PUBLICACIÓN, DISTRIBUCIÓN, ETC.
Lugar de publicación, distribución, etc. Leipzig :
Nombre del editor, distribuidor, etc. Thieme,
Fecha de publicación, distribución, etc. 1912 (
Fabricante Richard Hahn)
300 ## - DESCRIPCIÓN FÍSICA
Extensión 3 v., 93 lám. ;
Dimensiones 30 cm.
700 1# - ENTRADA AGREGADA--NOMBRE PERSONAL
Nombre de persona Gaffky, Georg Theodor August,
Fechas asociadas al nombre 1850-1918
9 (RLIN) 53213
700 1# - ENTRADA AGREGADA--NOMBRE PERSONAL
Nombre de persona Pfuhl, Eduard,
Fechas asociadas al nombre 1852-
9 (RLIN) 91644
700 1# - ENTRADA AGREGADA--NOMBRE PERSONAL
Nombre de persona Schwalbe, Julius (
Fechas asociadas al nombre 1863-1930)
9 (RLIN) 104852
852 ## - LOCALIZACIÓN
Ubicación ES-MaACL
Número de control de estantería G-1663-65
Holdings
Estatus retirado Estado de pérdida Estado de daño No para préstamo Biblioteca de origen Biblioteca actual Ubicación en estantería Fecha de adquisición Fuente de adquisición Total de préstamos Signatura topográfica completa Código de barras Visto por última vez Precio de reemplazo Tipo de ítem Koha
        Biblioteca del Ateneo de Madrid Biblioteca del Ateneo de Madrid Depósito 2 17/01/2008     G-1663-65 1091018 23/02/2023 23/02/2023 Libro impreso